Fruits With Highest Intelligence - Statistics

General Stats
  • This quiz has been taken 73 times
  • The average score is 11 of 20
Answer Stats
IQ fruit % Correct
3.44 apple
96%
2.87 banana
86%
2.84 orange
83%
2.81 strawberry
83%
2.79 blueberry
79%
2.71 grape
69%
2.56 pear
66%
3.21 raspberry
66%
2.63 watermelon
64%
2.40 pineapple
61%
2.89 peach
60%
2.52 kiwifruit
56%
4.02 cherry
44%
3.31 lime
43%
3.30 apricot
36%
2.76 papaya
29%
2.22 cranberry
23%
3.07 guava
23%
2.27 date
19%
2.81 gooseberry
16%
No matching quizzes found
Score Distribution
Percent of People with Each Score
Percentile by Number Answered
Your Score History
You have not taken this quiz